000 00375nam a2200145Ia 4500
008 230917s9999||||xx |||||||||||||| ||und||
040 _e137208
_aMAIN
041 _aEnglish
082 _a338.4791 F36T
100 _aFennell, David A
245 0 _aTourism ethics: Practice, theory and synthesis
260 _aNew Delhi
_bViva Books
_c2010
300 _a404 p.
942 _cBK
999 _c152855
_d152855